000 00313nam a22001337a 4500
008 170221b xxu||||| |||| 00| 0 eng d
020 _a9781437717112
041 _aeng
080 _27 ED
_a615
100 _a5 ED
101 _aSHF
245 _aPHARMACOLOGY ANURSING PROCESS APPROACH
_cKEE.J.L
942 _2udc
_cBK
999 _c5951
_d5951